[Event "FRA-ch"]
[Site "Narbonne"]
[Date "1997.??.??"]
[Round "1"]
[White "Leski, Marc"]
[Black "Bauer, Christian"]
[Result "0-1"]
[WhiteElo "2435"]
[BlackElo "2525"]
[Annotator "Tyomkin,D"]
[PlyCount "84"]
[EventDate "1997.08.15"]
[EventType "tourn"]
[EventRounds "15"]
[EventCountry "FRA"]
[EventCategory "9"]
[SourceTitle "CBM 061"]
[Source "ChessBase"]
[SourceDate "1997.11.23"]
[SourceVersion "1"]
[SourceVersionDate "1997.11.23"]
[SourceQuality "1"]

1. Nf3 d6 2. d4 f5 3. g3 Nf6 4. Bg2 g6 5. O-O Bg7 6. c4 O-O 7. Nc3 c6 8. b3 Qa5
9. Bb2 e5 10. Qd2 (10. dxe5 {Tyomkin,D} dxe5 11. Qc2 Nbd7 12. Rad1 e4 (12...
Re8 $5) 13. Ng5 Ne5 14. Nb5 $1 cxb5 15. Bxe5 h6 16. Nh3 g5 17. Rd6 Qc7 $2 (
17... bxc4 18. Qxc4+ Kh7 19. Qd4 Ne8) 18. Qb2 Qf7 19. cxb5 Be6 20. f3 $16 {
Kiselev,S-Litus,V/Czestochowa/1990/1-0 (30)}) 10... Ng4 (10... Nbd7 {Tyomkin,D}
11. Rfe1 (11. Rad1 $14) 11... Qc7 (11... Ng4 12. dxe5 dxe5 13. Rad1 Qc5 14. e3
e4 15. Na4 Qe7 16. Bxg7 Qxg7 17. Nd4 Nde5 18. h3 Nh6 19. Nb2 Nhf7 20. c5 Ng5
21. Qc2 Bd7 22. Rd2 Rad8 $132 {1/2-1/2 Macek,V-Lagvilava,G/Erevan olw 1996/EXT
96ch2 (55)}) 12. dxe5 dxe5 13. e4 f4 14. Ba3 Re8 15. Bd6 Qd8 16. Rad1 fxg3 17.
hxg3 Ng4 18. Qe2 Qf6 19. Rd3 Nf8 20. Red1 Nh6 21. Nh2 Ne6 22. Qe3 Nf7 23. Ne2
Nxd6 24. Rxd6 $14 {0-1 Rechmann,K-Bany,J/Porz op23 1989/EXT 89op (41)}) (10...
Qc7 11. dxe5 {Tyomkin,D} (11. d5 $5 {Lempert} c5 (11... e4 12. Nd4 c5 13. Ne6
Bxe6 14. dxe6 Nc6 15. f3 $16 e3 16. Qxe3 Ng4 17. Qd2 Bd4+ 18. Kh1 Ne3 (18...
Nf2+ $2 19. Rxf2 Bxf2 20. e3 $16) 19. Rfe1 Qe7 20. Nd5 $16) (11... Na6 12. dxc6
bxc6 13. Rad1 Ne8 (13... Rd8 $2 14. Nxe5) 14. Na4 $14) 12. Ng5 (12. Nb5 $5 Qe7
(12... Qb6 13. Bc3 a5 14. Ng5 $14) (12... Qd8 $1) 13. Nxe5 $1 dxe5 14. d6 Qd8
15. Nc7 $16) 12... Na6 13. Ne6 Bxe6 14. dxe6 Rae8 15. Nb5 Qb6 16. Qxd6 $2 (16.
Bc3 $1 Nb4 (16... e4 $2 17. Ba5 Qc6 18. Nxa7 $18) (16... d5 17. Bxd5 Nxd5 18.
Qxd5 Rd8 19. Qg2) 17. a3 (17. Bxb4 cxb4 18. Qxb4 (18. Qxd6 e4 19. Qxb4 Nd5 20.
cxd5 Bxa1 21. Rxa1 a6 22. e7 Rf7 23. d6 axb5 24. Rd1 $18) 18... Rxe6 19. Qa3 a6
20. Nc3 e4 21. Rad1 $14) 17... Nc6 18. Qxd6 a6 19. Qc7 Qxc7 20. Nxc7 Re7 21.
Bxc6 Rxc7 22. Bd5 $16) 16... e4 17. Rfd1 Rxe6 18. Qxb6 axb6 19. a3 Nb8 20. Rab1
Nc6 21. Bc1 (21. f3 $5) 21... Rd8 22. Rxd8+ Nxd8 23. Bf4 $14 {0-1 Georgiev,
K-Malaniuk,V/Erevan olm 1996/EXT 96ch2/[Lempert] (61)}) 11... dxe5 12. e4 (12.
Rad1 $6 e4 13. Ne1 Re8 14. Nc2 Na6 15. Na4 Be6 16. Qd6 Qf7 17. f3 exf3 18. exf3
Re7 19. Rde1 Rae8 20. Qd2 Rd7 21. Qf2 b5 22. cxb5 cxb5 23. Nc3 Nd5 24. Nd1 Ndb4
$17 {0-1 Avrukh,B-Gretarsson,H/WchJM-U14 1991/EXT 91ch (34)}) 12... Na6 (12...
f4 13. Rad1 Nh5 14. Qd6 Qxd6 15. Rxd6 Na6 16. Na4 Re8 17. Rfd1 Bf8 $2 (17...
Bg4 $142) 18. Rd8 Bg4 19. Rxa8 Rxa8 20. Bxe5 $16 {1/2-1/2 Kistella,R-Skulener,
W/Porz op28 1992/TD 92\03 (49)}) 13. exf5 Bxf5 14. Rad1 (14. Qe2 $6 Rfe8 15. h3
Nb4 16. Rad1 $2 Bd3 17. Rxd3 Nxd3 18. Qxd3 e4 $17 {0-1 Lugovoi,A-Agrest,E/St.
Petersburg op2 1994/EXP 43 (25)}) 14... Rfe8 15. h3 Nc5 16. Qe3 Nd3 17. Ba1 Nb4
18. Ne1 h5 19. a3 Nc2 20. Nxc2 Bxc2 21. Rd2 Bxb3 22. Nb5 cxb5 23. Qxb3 bxc4 24.
Qxb7 Rac8 {1/2-1/2 Polugaevsky,L-Dolmatov,S/Reykjavik op 1990/EXP 18}) (10...
Na6 {Gagarin} 11. Rfd1 exd4 $6 12. Nxd4 $14 Bd7 13. a3 Rad8 14. b4 Qc7 15. Rac1
Ng4 16. e3 $1 Rfe8 17. Nb3 $1 Be6 18. Nd5 $6 (18. Na5 $5 $16 {/\ Nd5}) 18...
Qf7 19. Bxg7 Qxg7 20. Nf4 Bc8 21. b5 $14 {/\ Nd5 1-0 Kiselev,S-Popov,V/Orel
1994/CBM 42/[Gagarin] (53)} (21. h4 $142 $1 h6 $6 22. b5 $16 {>< >>})) (10...
e4 $4 {Gagarin} 11. Nxe4 $18) (10... Re8 {Tyomkin,D} 11. Rad1 Nbd7 12. Rfe1 Nh5
13. e3 $1 Qd8 $2 (13... Qc7 $1) 14. dxe5 dxe5 15. e4 $16 Qf6 (15... f4 16. Bh3
Qe7 17. Nd5 $1 cxd5 18. Qxd5+ Kf8 (18... Kh8 19. Bxd7 Rd8 20. Nxe5 $18) 19.
Bxd7 Rd8 20. Ng5 $1 $18) 16. exf5 gxf5 17. Ng5 Qg6 $2 (17... h6 $5) 18. Bd5+ $1
$18 {Gagarin,V-Litus,V/Czestochowa/1990/1-0 (24)}) 11. h3 $146 (11. dxe5 {
Tyomkin,D} dxe5 12. e4 f4 13. Rad1 fxg3 14. hxg3 Nd7 15. Na4 Qxd2 16. Rxd2 b5
$2 17. cxb5 cxb5 18. Nc3 {[%cal Gc3d5]} Rb8 19. Nd5 Nc5 20. Ne7+ Kh8 21. Nc6
$16 {1-0 David,P-Priehoda,V/CSR-ch Bratislava 1991/EXT 91ch (42)}) (11. Rad1 {
Tyomkin,D} Na6 12. h3 Nh6 13. e3 Nf7 14. a3 Qb6 15. Qc2 e4 16. Nd2 Qd8 17. b4
Nc7 $132 {1/2-1/2 Kelly,B-Bauer,C/World Juniors, Zagan POL 1997 (74)}) 11...
Nh6 12. d5 (12. Rad1 $5) 12... Nf7 13. dxc6 $6 (13. a3 $5) 13... bxc6 14. e4 f4
15. Ne2 $6 (15. Rad1 $5) 15... Qxd2 16. Nxd2 fxg3 (16... Ng5 $5 17. h4 (17.
gxf4 Nxh3+ 18. Bxh3 Bxh3 19. Rfc1 exf4 $15) 17... Nh3+ (17... f3 $6 18. hxg5
fxe2 19. Rfe1 $14) 18. Kh2 fxg3+ 19. fxg3 Rf2 20. Rxf2 Nxf2 21. Rf1 $132) 17.
fxg3 Na6 {[%cal Ga6c5,Ra6b4,Rb4d3,Rb4c2]} 18. Rad1 Nb4 19. c5 $2 (19. a3 $5 Nc2
20. Rf3 Ng5 21. Rxf8+ Kxf8 22. Rf1+ Ke7 $15) 19... dxc5 $17 (19... Nd3 $6 20.
Ba3 Nxc5 21. Nc4 Ba6 22. Bxc5 Bxc4 23. bxc4 dxc5 24. Rd7 $44 {[%cal Rf1b1,
Rb1b7]}) 20. Nc3 (20. Nc4 Nxa2 21. Ra1 Nb4 22. Nb6 axb6 (22... Bxh3 $6 23. Nxa8
Bxg2 24. Kxg2 Rxa8 25. Ra5 $13) 23. Rxa8 Ba6 24. Rxf8+ Bxf8 $17) 20... Be6 21.
Nc4 Bh6 22. Bc1 $6 (22. Nd6 Be3+ 23. Kh2 Bd4 $17) 22... Bxc1 $1 23. Rxc1 Bxc4
$1 $17 {/-+} 24. bxc4 {[%csl Ra2,Rc4,Re4,Rg2,Rh3]} Ng5 (24... Rad8 $5 25. Rfd1
Rd4 26. a3 Nd3 27. Rc2 Rfd8 $17) 25. h4 Ne6 {[%csl Rd4]} 26. Bh3 Nd4 27. Bg4 $6
Nbc2 $1 {[%cal Rc2e3]} 28. Be2 (28. Rf2 Rxf2 29. Kxf2 Rf8+ 30. Kg1 Ne3 31. Be2
Kg7 $17) 28... Ne3 29. Rf2 Rxf2 30. Kxf2 Nec2 31. Rb1 Rf8+ 32. Kg1 Ne3 33. Rc1
h5 34. Re1 Kg7 35. Rc1 Kh6 36. Re1 g5 $22 37. hxg5+ (37. Rb1 gxh4 38. gxh4 Rf4
$19) 37... Kxg5 38. Rb1 Rf7 39. Rb2 Nxe2+ 40. Rxe2 Rf1+ (40... Rf3 $5 $19) 41.
Kh2 Ng4+ 42. Kg2 Rc1 $19 0-1

[Event "EU-ch 2nd"]
[Site "Ohrid"]
[Date "2001.06.09"]
[Round "8"]
[White "Georgiev, Vladimir"]
[Black "Agrest, Evgenij"]
[Result "1-0"]
[WhiteElo "2592"]
[BlackElo "2532"]
[Annotator "Tyomkin,D"]
[PlyCount "67"]
[EventDate "2001.06.01"]
[EventType "swiss"]
[EventRounds "13"]
[EventCountry "YUG"]
[SourceTitle "CBM 084"]
[Source "ChessBase"]
[SourceDate "2001.09.13"]
[SourceVersion "1"]
[SourceVersionDate "2001.09.13"]
[SourceQuality "1"]

1. c4 f5 2. Nc3 Nf6 3. Nf3 g6 4. g3 Bg7 5. Bg2 O-O 6. O-O d6 7. d4 c6 8. Re1 {
Rare continuation. The idea is to advance e2-e4; Black can prevent it by 8...
Ne4 ot let white push it- in both cases black gets balance, but 8...Ne4 looks
exacter;  Main lines are:} (8. d5) (8. b3) 8... Ne4 (8... Na6 9. e4 Nxe4 10.
Nxe4 fxe4 11. Rxe4 Bf5 (11... e5 12. dxe5 dxe5 13. Qxd8 Rxd8 14. Bg5 Re8 15.
Re2 Bf5 16. Rd2 Nc5 {1/2-1/2 Yakovich,Y-Spraggett,K/Santo Antonio 2000/CBM 76
ext (16)}) 12. Re1 Qd7 13. Bg5 Rae8 14. Qd2 Bg4 $11 {1/2-1/2 Yakovich,
Y-Kuczynski,R/Saint Vincent 2000/CBM 78 (77)}) 9. Qc2 (9. Nxe4 fxe4 10. Ng5 d5
11. Be3 h6 12. Nh3 g5 (12... Bf5 $11) 13. f3 exf3 14. exf3 dxc4 15. f4 g4 (
15... Bxh3 $5 16. Bxh3 gxf4 17. Be6+ Kh8 18. gxf4 Na6 {[%cal Ga6c7]}) 16. Nf2
h5 17. h3 gxh3 18. Be4 Nd7 $1 {[%cal Gd7f6]} (18... Qe8 {1-0 Shabalov,
A-Palatnik,S/Chicago 1995/EXT 98 (31)})) 9... Nxc3 10. bxc3 (10. Qxc3 e5 11.
dxe5 dxe5 12. e4 f4 13. b3 Qe7 $11 {1/2-1/2 Shneider,A-San Marco,B/Paris FRA
2000/The Week in Chess 298 (51)}) 10... e5 11. dxe5 dxe5 12. Ba3 $146 {12.e4
leads to the same cause white gonna play Ba3 anyhow (as well as after 12.Ba3
white would play e2-e4 next); After 12.e4 f4 white doesn't get clear advantage,
although it has some chances for it;} (12. e4 f4 (12... Na6 $5 13. Ba3 {
-transforms to the game;}) 13. Ba3 Re8 (13... Rf7 14. Rad1 Rd7 $2 (14... Qe8
$142) 15. gxf4 exf4 16. e5 Rxd1 17. Qxd1 Qe8 (17... Qxd1 $2 18. Rxd1 Bd7 19.
Bh3 $1 $18) 18. e6 Na6 19. Qb3 h6 20. e7 Bf6 21. Bd6 $16 {1-0 Epishin,V-Danner,
G/Graz 1997/EXT 98 (28)}) 14. Rad1 Qc7 15. gxf4 exf4 16. e5 Bg4 17. Bd6 Qf7 18.
Qb3 {[%cal Rf3g5]} h6 19. Rb1 b6 20. c5 Be6 21. Qa4 bxc5 $13 {1/2-1/2 Epishin,
V-Beim,V/Frankfurt 1998/CBM 65 ext (53)} (21... b5 22. Qe4 Bd5 (22... Bxa2 23.
Rxb5 $1) 23. Qd4 Bxa2 24. Rb2 {[%cal Gf3h4]} Bd5 25. Rxb5 $1)) 12... Re8 13. e4
Na6 {New way to play with black in this position-black doesn't advance f5-f4
and keep the centre flexible;} (13... f4 {-transforms to 12.e4 line;}) 14. Rad1
Qa5 15. Bd6 Nc5 16. Nd2 Qa4 17. Qb1 Nxe4 {After it white achieves permanent
advantage; probably better was to keep the center under pressure by 17...Bf8,
but white gets advantage there as well:} (17... Bf8 18. Bxc5 (18. Bxf8 Rxf8 19.
Qb4 Qxb4 20. cxb4 Nd3 $15 {[%csl Yb4]}) 18... Bxc5 19. exf5 gxf5 (19... Bxf5
20. Qxb7) 20. Nb3 Bf8 21. Nd4 Qxc4 22. Nxf5 Qxc3 23. Be4 $14 {white pieces are
very active and also black kingside is vulnerable;}) 18. Nxe4 fxe4 19. c5 Qa6 (
19... Bg4 20. Rd2 e3 21. Rxe3 Bh6 22. Re4 $16) 20. Bxe4 Be6 21. h4 $6 {There
was no reason to give black a chance ti grab a pawn a2, complicating the game;}
(21. Bd3 Qxa2 22. Qxb7 Bd5 23. Be4 Bxe4 24. Rxe4 Qc2 25. Rde1 Qxc3 26. Qxc6 $16
{[%csl Re5][%cal Gf2f4]}) (21. Rd2 $5 $16 {[%cal Gh2h4]}) 21... Kh8 $6 {
Black didn't take that chance:} (21... Bxa2 22. Qc2 (22. Qb2 Bc4 23. Rb1 Bd5 $1
) 22... Qc4 $1 23. Ra1 Bb3 24. Qb1 $44 {[%cal Gh4h5]}) 22. Rd2 (22. Bd3 Qxa2 (
22... Bc4 23. Bxc4 Qxc4 24. Qxb7 Qxa2 25. Qxc6 Qe6 26. Qe4 $16 {[%cal Rf2f4]})
23. Qxb7 Bd5 24. Bxe5 $1 $16 {[%csl Ra8]}) 22... Rad8 23. h5 gxh5 24. Bxh7 $16
{[%cal Gh7d3,Yb1g6]} e4 $6 {Another suspicious move of Agrest. Black could try
to enter the queen to the game by:} (24... Qc4 $1 25. Bg6 Bf7 26. Be4 $16 {
[%cal Gb1b7]} Qxc3 $140 27. Rde2 $16 {[%csl Yb7]}) 25. Bg6 (25. Bxe4 Bf7 (25...
Bxc3 26. Qc1 $1 Bxd2 27. Qxd2 $18 {[%cal Gd6e5,Rd2h6]}) 26. Red1 $16) 25...
Bxc3 26. Bxe8 Rxe8 (26... Bxd2 27. Qb2+ $18) 27. Rxe4 Bxd2 {[%tqu "En","","",
"","b1b2","White has missed forced mate here!",0,"d6e5","",5]} 28. Qb2+ $2 {
White has missed forced mate here!} (28. Be5+ Kg8 {[%tqu "En","","","","e4g4",
"",5]} 29. Rg4+ Kf8 30. Qh7 {mating;}) 28... Kh7 29. Qxd2 Bf7 $2 {More
resistant was:} (29... Bh3 {[%cal Ra6f1] and white has to make some exact
moves to achieve the win;} 30. Qe1 $8 Rxe4 31. Qxe4+ Kg7 32. Qe7+ Kg6 $8 33.
Qe8+ Kf6 $8 34. Be7+ Ke5 $8 35. Bf8+ Kd4 $8 36. Bg7+ Kc4 37. Qxh5 $18) 30. Rxe8
Bxe8 31. Bf8 $1 {Now everything is simple;} Kg6 32. Qd6+ Kf5 33. Qf4+ Kg6 34.
Qe4+ 1-0

[Event "Rubinstein Memorial 34th"]
[Site "Polanica Zdroj"]
[Date "1997.08.25"]
[Round "6"]
[White "Ehlvest, Jaan"]
[Black "Malaniuk, Vladimir P"]
[Result "1/2-1/2"]
[WhiteElo "2610"]
[BlackElo "2615"]
[Annotator "Tyomkin,D"]
[PlyCount "39"]
[EventDate "1997.08.19"]
[EventType "tourn"]
[EventRounds "11"]
[EventCountry "POL"]
[EventCategory "16"]
[SourceTitle "CBM 061"]
[Source "ChessBase"]
[SourceDate "1997.11.23"]
[SourceVersion "1"]
[SourceVersionDate "1997.11.23"]
[SourceQuality "1"]

1. d4 f5 2. g3 Nf6 3. Bg2 g6 4. Nf3 Bg7 5. O-O O-O 6. c4 d6 7. Nc3 c6 8. Rb1 (
8. Qc2 {is a most popular continuation}) 8... a5 (8... Ne4 {-may be this is a
reason that white usually play8.Qc2.But Malaniuk has a big experience in Dutch
and plays 8...a5}) 9. d5 e5 10. dxe6 Bxe6 11. b3 Na6 (11... Qc7 {Tyomkin,D} 12.
Nd4 (12. Bf4 $142) 12... Bf7 (12... Re8 $5) 13. e4 fxe4 14. Nxe4 Nxe4 15. Bxe4
Nd7 16. Bg2 a4 17. Be3 axb3 18. axb3 Ra2 19. Bh3 Re8 {Kapu,J-Horvath Jozsef/
HUN tch 1992/1-0 (46)}) 12. Bf4 $146 (12. Ng5 {Tyomkin,D} Bc8 $6 (12... Re8
$142 13. Bf4 $140 Nh5) 13. Bb2 h6 14. Nf3 g5 {[%csl Rf5]} (14... Be6 15. Nd4
Bf7) 15. e3 Ng4 $6 16. Qd2 {[%csl Rd6][%cal Gb1d1] @} Qe7 17. Rbd1 Rd8 18. Na4
Bxb2 19. Qxb2 Be6 20. Nd4 $16 Rf8 $2 21. Qd2 $18 {[%csl Ra5][%cal Rd4e6]
winning a pawn Rossetto,H-Pelikan,J/Mar del Plata 1961/MCD-r6/1-0 (44)}) 12...
Nh5 {[%csl Yc3,Yf4]} 13. Bg5 Qc7 14. Nd4 Rae8 $1 $11 {Black succesfully
finished development,and white didn't achive anything in the opening} (14...
Bf7 $6 15. e4) 15. Qd2 Nc5 16. Rbd1 Bc8 17. Be3 Rd8 18. Bg5 {Both sides don't
want to risk and repeat moves} Rde8 19. Be3 Rd8 20. Bg5 1/2-1/2

[Event "New York op"]
[Site "New York"]
[Date "1998.03.16"]
[Round "2"]
[White "Paschall, William M"]
[Black "Spraggett, Kevin"]
[Result "1/2-1/2"]
[WhiteElo "2375"]
[BlackElo "2565"]
[Annotator "Tyomkin,D"]
[PlyCount "44"]
[EventDate "1998.03.16"]
[EventType "swiss"]
[EventRounds "9"]
[EventCountry "USA"]
[SourceTitle "CBM 064"]
[Source "ChessBase"]
[SourceDate "1998.06.02"]
[SourceVersion "1"]
[SourceVersionDate "1998.06.02"]
[SourceQuality "1"]

1. d4 d6 2. c4 f5 3. Nf3 Nf6 4. g3 g6 5. Bg2 Bg7 6. O-O O-O 7. Nc3 c6 8. d5
cxd5 (8... e5 {-main line}) 9. cxd5 Na6 10. Be3 Nc5 (10... Bd7 {Tyomkin,D} 11.
Qb3 $6 Qa5 12. a3 Nc5 13. Qc2 Nce4 14. Nxe4 Nxe4 15. Ng5 Ba4 16. Qd3 Bb5 $1 (
16... Rfc8 $2 {Naumkin Igor-Stone Raymond/It (open), Amantea (Italy) 1995/1-0
(30)})) 11. Rc1 (11. b4 $5 Nfe4 12. Nxe4 Nxe4 13. Bd4 $14) 11... Qa5 12. Qd2 (
12. Nd2 {Tyomkin,D} Bd7 13. Nb3 (13. a3 $5) 13... Nxb3 14. Qxb3 b5 15. a3 Rfc8
16. Na2 Qa4 17. Qxa4 bxa4 18. Nb4 Ng4 $132 {Zhu Chen-Spraggett,K/Open,
Cappelle la Grande FRA 1998/1/2-1/2(34)}) (12. a3 $5 Nce4 $13) 12... Bd7 13.
Bh6 (13. Ng5 $5 Rac8) 13... Rac8 14. Bxg7 Kxg7 15. Nd4 (15. Qd4 Nce4 16. Nxe4
fxe4 17. Nd2 (17. Ng5 e5 $5) 17... Qxd5 18. Qxd5 Nxd5 19. Bxe4 Bc6 $11) 15...
Na4 16. Nb3 Qb4 17. Nxa4 Qxd2 18. Nxd2 Bxa4 19. e4 (19. Nf3 Bd7 (19... Nxd5 $2
20. Nd4) 20. Nd4 Rxc1 21. Rxc1 Rc8 $11) 19... fxe4 20. Nxe4 Nxe4 21. Bxe4 Bd7
22. f4 Kf6 1/2-1/2

[Event "Olympiad-34"]
[Site "Istanbul"]
[Date "2000.11.05"]
[Round "8.2"]
[White "Magai, Vladimir"]
[Black "Spraggett, Kevin"]
[Result "1/2-1/2"]
[WhiteElo "2546"]
[BlackElo "2501"]
[Annotator "Tyomkin,D"]
[PlyCount "79"]
[EventDate "2000.10.28"]
[EventType "team-swiss"]
[EventRounds "14"]
[EventCountry "TUR"]
[SourceTitle "EXT 2001"]
[Source "ChessBase"]
[SourceDate "2000.11.22"]
[SourceVersion "1"]
[SourceVersionDate "2000.11.22"]
[SourceQuality "1"]
[WhiteTeam "Kyrgyzstan"]
[BlackTeam "Canada"]
[WhiteTeamCountry "KGZ"]
[BlackTeamCountry "CAN"]

1. d4 f5 2. g3 Nf6 3. Bg2 d6 4. Nf3 g6 5. O-O Bg7 6. c4 O-O 7. Nc3 c6 8. d5
cxd5 (8... e5 9. dxe6 Bxe6 10. b3 Na6 11. Bb2 {White may expect to get slight
advantage here.}) (8... Bd7 {1-0 Andersson,U-Danner,G/Istanbul TUR 2000/The
Week in Chess 314 (33)}) 9. cxd5 Na6 10. Be3 Bd7 (10... Nc5 11. Bd4 a5 12. Ne1
{1-0 Comas Fabrego,L-Gomez Benitez,D/Barcelona 2000/CBM 77 ext (22)}) 11. Bd4
$146 (11. a3 Nc5 12. Rc1 a5 13. Bxc5 dxc5 14. Ne5 Be8 15. Qb3 Ne4 16. Nxe4 fxe4
17. d6+ $16 {[%cal Gd6d7] 1-0 Hracek,Z-Gazik,I/Novy Smokovec 1992/CBM 33 (28)})
11... Qa5 {[%cal Gf8c8] Blacks idea is to create the typical Kings Indian play
on the queenside by Rfc8, and then b5 or Nc5.} (11... Nc5 12. b4 Nce4 13. Nxe4
Nxe4 14. Bxg7 Kxg7 15. Qd4+ $14) 12. a3 Rfc8 13. e3 Qd8 14. Rc1 $14 {White has
very strong control all over the board: pawn d5 gives white an advantage in
the center, bishops is perfectly outposted on d4. On the other hand black has
very few weaknesses: a7 and e6 are very deep in blacks position.} Qe8 {This
move was played with idea to have the square a4 for the knight after Nc5 b4;
But actually black had that square immediatly:} (14... Nc5 15. b4 Na4 16. Nxa4
Rxc1 17. Qxc1 Bxa4 18. Ng5 $14 {[%cal Gg5e6]}) 15. Ng5 $1 Nc5 16. b4 h6 17. Ne6
{In case of bxc5 white keeps an advantage thanks to new created weaknesses in
blacks position.} (17. bxc5 hxg5 18. cxd6 exd6 19. Qb3 b6 20. Qb4 Qe7 21. a4
$14 {[%csl Rc6,Rd6] Pawns of black are broken, and white has an outpost on
only open c-file.}) 17... Nxe6 18. dxe6 Bc6 19. Qb3 Bxg2 20. Kxg2 {[%cal Gd4f6,
Yc3d5]} Qc6+ 21. f3 Qc4 22. Qxc4 Rxc4 23. Bxf6 (23. Nb5 {After this move the
best for black to sac a7 pawn, developing the counterplay over c-file.} Rac8 $1
(23... Rxc1 24. Rxc1 a6 25. Bxf6 Bxf6 26. Nd4 $14 {[%cal Gc1c7]}) 24. Rxc4 Rxc4
25. Bxa7 Nd5 26. Rf2 (26. Rd1 Rc2+ $132 {[%cal Gd5c3]}) 26... Rc1 {[%cal Gd5c3]
} 27. Rd2 Nc3 28. Nxc3 Rxc3 29. Ra2 Rb3 $11 {[%cal Gg7b2]}) 23... Bxf6 24. Nd5
Rac8 $1 25. Nxf6+ exf6 26. Rxc4 Rxc4 27. Rd1 {[%mdl 4096]} Kf8 (27... Rc6 28.
b5 Rb6 {It was a bit dangerous to insert rook to such passive position, but
white has no clear way to advantage.} 29. a4 (29. Rc1 Kf8 30. Rc7 Rxb5 31. Rf7+
Ke8 32. Rxf6 Rb2+ {[%cal Gb2b3] and black is not much worse here too.}) 29...
Kf8 {[%cal Gf8e7]} 30. Rc1 Ke7 31. Rc7+ Kxe6 {[%cal Ga7a6] and black is
completely ok.}) 28. Rxd6 {[%cal Rd6d7]} Rc7 {[%cal Gf8e7] The only thing
white can earn from this position is h-pawn.} 29. Rd8+ Ke7 30. Rh8 (30. Rg8 g5
(30... Rc2+ 31. Kh3 g5 32. Rg7+ Kxe6 33. Rxb7 h5 {[%cal Rg5g4]} 34. g4 $16) 31.
Rg7+ Kd6 $11) 30... Kxe6 31. Rxh6 g5 32. g4 (32. h4 g4 (32... Rc2+ 33. Kh3 gxh4
34. gxh4 Rc3 35. Rh7 Rxe3 36. Kg3 Rxa3 37. Rxb7 Ra1 {and black is close to
make a draw here.}) 33. fxg4 fxg4 34. Rg6 Kf5 35. h5 Rc2+ $11) 32... Rc2+ {
Black easily makes a draw here thanks to the active rook.} 33. Kg3 fxg4 34.
fxg4 b5 {Probably black was in some time trouble in this moment, but his
unaccurate play did not lead to the loss.} (34... Rc3 $11) 35. Rh7 a6 36. Ra7
Rc6 {[%cal Ge6e5] Black removes rook from active position, but now black king
has an access to the game.} 37. h4 gxh4+ 38. Kxh4 Kd5 39. Rd7+ Ke6 (39... Kc4
40. g5 fxg5+ 41. Kxg5 Kb3 42. Rd3+ Kc2 $11 {[%cal Gc2b3]}) 40. Ra7 1/2-1/2

[Event "Elgoibar 07th"]
[Site "Elgoibar"]
[Date "1997.11.26"]
[Round "1"]
[White "Lima, Darcy Gustavo Macha"]
[Black "Vallejo Pons, Francisco"]
[Result "0-1"]
[WhiteElo "2475"]
[BlackElo "2415"]
[Annotator "Tyomkin,D"]
[PlyCount "56"]
[EventDate "1997.11.26"]
[EventType "tourn"]
[EventRounds "9"]
[EventCountry "ESP"]
[EventCategory "10"]
[SourceTitle "CBM 063"]
[Source "ChessBase"]
[SourceDate "1998.03.26"]
[SourceVersion "1"]
[SourceVersionDate "1998.03.26"]
[SourceQuality "1"]

1. d4 f5 2. g3 Nf6 3. Bg2 g6 4. Nf3 Bg7 5. O-O O-O 6. c4 d6 7. Nc3 c6 8. d5 e5
9. b4 $2 $146 {Strange decision.After 9.dxe6 white gets an advantage.} (9. dxe6
{Tyomkin,D} Bxe6 10. Qd3 $142 {CBM 60-7...c6 8.d5 e5 9de6 Be6 10Qd3/ Survey
1997(23) Chuchelov,V} (10. Qb3 $6 b5 11. Nd4 Bxc4 12. Qc2 b4 $1 $146 {Yakovich,
Y-Malaniuk,V/Russian Cup f 1997/0-1(18)})) (9. e4 $5 Na6 $5 10. exf5 gxf5 11.
Ng5 Qc7 12. c5 $3 (12. dxc6 $2 bxc6 13. Nb5 cxb5 $1 14. Bxa8 bxc4 $44) 12...
Nxc5 (12... dxc5 13. dxc6 bxc6 14. Qb3+ Kh8 15. Ne6 Bxe6 16. Qxe6 $44) 13. b4
$1 Nce4 14. Ngxe4 $1 Nxe4 15. Nxe4 fxe4 16. Bxe4 Bf5 $1 17. Bxf5 Rxf5 18. Be3
a5 $11 {Miles-Obuhov, London 1994}) 9... e4 $17 {[%csl Rg2,Gg7]} 10. Nd4 a5 $2
(10... cxd5 $142 11. cxd5 Qb6 $1 {[%csl Rb4,Rd4][%cal Gf6g4]} (11... a5 $6 12.
b5 {[%csl Rb8]}) 12. Ne6 $1 (12. Be3 Ng4 $1 $17) (12. Ndb5 Ng4 $17 {[%cal
Gc8d7]}) (12. Rb1 Ng4 $17) 12... Bxe6 13. dxe6 Qxb4 14. e7 Re8 15. Nd5 Qc4 16.
Nxf6+ Bxf6 $17) 11. dxc6 $6 (11. b5 $5 c5 (11... cxd5 $2 12. cxd5 {[%csl Rb8,
Re6]}) 12. Ne6 $5 (12. Nc2 Nbd7 $15 {[%csl Rc4][%cal Gd7e5] ()}) 12... Bxe6 13.
dxe6 Qe7 14. Bf4 {[%cal Gf2f3] with some compensation for white.}) 11... Nxc6
12. Nxc6 bxc6 13. b5 Be6 14. Ba3 Rc8 (14... c5 15. Rc1) 15. Rc1 (15. Bxd6 Rf7
$36 {[%cal Gf7d7]}) 15... Rc7 16. bxc6 Rxc6 $17 17. c5 (17. Nd5 Nxd5 (17...
Bxd5 $6 18. cxd5 Rxc1 19. Qxc1 $1) 18. cxd5 Rxc1 19. Bxc1 Bf7 20. f3 Qb6+ $17)
17... Nd7 $1 (17... dxc5 18. Qa4 $1 (18. Na4 Bxa2 $17) 18... Qa8 (18... Qb6 19.
Rb1 {[%cal Gb1b5]}) 19. f3 $44) 18. Na4 d5 19. Qd2 f4 $2 (19... Ne5 $142 {
[%cal Ge5c4]} 20. Nb6 Nc4 (20... d4 $6 21. Bb2) 21. Nxc4 dxc4 $17 {[%csl Ra2,
Rg2][%cal Gc4c3]}) 20. gxf4 Qh4 21. Bb2 $2 (21. e3 Nf6 22. Bb2 $1 (22. f3 exf3
23. Bxf3 Ne4 24. Qe1 (24. Qxa5 $2 Bh3 25. Qe1 Qxe1 26. Rfxe1 Rxf4 $3 $132 (
26... Ra8 27. Bd1)) 24... Qxe1 25. Rfxe1 (25. Rcxe1 Nd2 26. Rf2 Nxf3+ 27. Rxf3
d4 28. Bb2 $132 (28. e4 Bxa2)) 25... g5 $1 $36) 22... Ng4 23. h3 Nf6 24. Bxf6
$1 {[%csl Rd5]} Bxf6 25. f3 $16) 21... Bxb2 22. Qxb2 Qxf4 $17 {[%csl Rc5,Rg1]
[%cal Gd7e5]} 23. e3 $2 (23. Qb5 Qc7 $17 {[%csl Rc5]} (23... Ne5 24. Rc3 $1 {
[%cal Gc3g3]})) 23... Qg5 24. Kh1 Ne5 25. Rb1 Rfc8 $6 (25... Qh5 {[%cal Ge5f3]
was winning immediatly}) 26. Nb6 Rf8 27. Rbd1 Ng4 28. Kg1 Qh5 (28... Qh5 29. h3
{[%tqu "En","","","","g4f2","",10]} Nxf2 $1) 0-1